书目信息 |
| 题名: |
小型可持续设计中的BIM应用
|
|
| 作者: | 勒维 著 ;邹越 译 | |
| 分册: | ||
| 出版信息: | 北京 中国建筑工业出版社 2017.02 |
|
| 页数: | 13,292页 | |
| 开本: | 27cm | |
| 丛书名: | BIM经典译丛 | |
| 单 册: | ||
| 中图分类: | TU201.4 | |
| 科图分类: | ||
| 主题词: | 建筑设计--计算机辅助设计--应用软件 | |
| 电子资源: | ||
| ISBN: | 978-7-112-20145-7 | |
| 000 | 00990oam2 2200265 450 | |
| 001 | 0100004295 | |
| 005 | 20190305085926.88 | |
| 010 | @a978-7-112-20145-7@b精装@dCNY78.00 | |
| 100 | @a20170412d2017 em y0chiy50 ea | |
| 101 | 1 | @achi@ceng |
| 102 | @aCN@b110000 | |
| 105 | @aa z 001yy | |
| 200 | 1 | @a小型可持续设计中的BIM应用@Axiao xing ke chi xu she ji zhong de BIM ying yong@f(美)弗朗索瓦·勒维著@g邹越等译 |
| 210 | @a北京@c中国建筑工业出版社@d2017.02 | |
| 215 | @a13,292页@c图@d27cm | |
| 225 | 2 | @aBIM经典译丛 |
| 305 | @a由美国John Wiley & Sons Inc.出版公司正式授权出版 | |
| 330 | @a本书主要内容包括:BIM和可持续性设计、设计软件、场地分析、体量分析、太阳几何和日光、被动式制冷、被动式供暖、现场能源系统等。 | |
| 410 | 0 | @12001 @aBIM经典译丛 |
| 606 | 0 | @a建筑设计@x计算机辅助设计@x应用软件 |
| 690 | @aTU201.4@v5 | |
| 701 | 0 | @c(美)@a勒维@Ale wei@c(Levy, Francois)@4著 |
| 702 | 0 | @a邹越@Azou yue@4译 |
| 801 | 0 | @aCN@c20171024 |
| 905 | @a河南城建学院图书馆@dTU201.4@eL078 | |
| 小型可持续设计中的BIM应用/(美)弗朗索瓦·勒维著/邹越等译.-北京:中国建筑工业出版社,2017.02 |
| 13,292页:图;27cm.-(BIM经典译丛) |
| ISBN 978-7-112-20145-7(精装):CNY78.00 |
| 本书主要内容包括:BIM和可持续性设计、设计软件、场地分析、体量分析、太阳几何和日光、被动式制冷、被动式供暖、现场能源系统等。 |
| ● |
| 相关链接 |
|
|
|
正题名:小型可持续设计中的BIM应用
索取号:TU201.4/L078
 
预约/预借
| 序号 | 登录号 | 条形码 | 馆藏地/架位号 | 状态 | 备注 |
| 1 | 1304529 | 213045293 | 建筑库101/101建筑库 34排3列1层/ [索取号:TU201.4/L078] | 在馆 | |
| 2 | 1338216 | 213382169 | 建筑库101/101建筑库 34排3列1层/ [索取号:TU201.4/L078] | 在馆 | |
| 3 | 1338217 | 213382178 | 建筑库101/101建筑库 34排3列1层/ [索取号:TU201.4/L078] | 在馆 |